000 00566nam a2200181Ia 4500
008 151018s9999 xx 000 0 und d
082 _bRBASDV10140
_a891.463
100 _aमधु मंगेश कर्णिक
245 _aकेवडा
250 _b1
260 _bश्रीराम प्रकाशन पुणे
_c1972
300 _a174
600 _aमधु मंगेश कर्णिक
630 _aकेवडा
700 _aमधु मंगेश कर्णिक
730 _aकेवडा
942 _cBOOK
999 _c1012500
_d1012497